| 000 | 01351nam a22002537a 4500 | ||
|---|---|---|---|
| 999 |
_c22165 _d22165 |
||
| 003 | AR-CdUCM | ||
| 008 | 190425b ||||| |||| 00| 0 spa d | ||
| 040 |
_aMUNICIPALIDAD PROVINCIAL DEL CUSCO _cBIBLIOTECA MUNICIPAL DEL CUSCO |
||
| 082 | _aOropesa/N°46/2003 | ||
| 245 |
_aOropesa : _brevista de cultura y educación de opinión y crítica / _cAmérico Valer Vargas, Director |
||
| 260 |
_aCusco. _bPantigozo, _c2003. |
||
| 300 |
_a22 páginas. : _bilustraciones ; _c30 cm. |
||
| 440 |
_aOropesa. _nAño XXII, N°XLVI, julio 2003. _947583 |
||
| 505 | _aContenido: Gobierno Regional construye estadio moderno en la GUE Inca Garcilaso de la Vega. -- Conexión bioceánica del Mercosur. -- Proyecto estratégico regional de educación bilingüe intercultural. -- Las ferias escolares de Ciencia y tecnología. -- Las decepciones de Daniel Estrada Pérez sobre la política nacional. -- Homenaje póstumo a Gustavo Pérez Ocampo. Víctor Manuel Solorzano Arenas. -- Palabras de despedida a Daniel Estrada Pérez. | ||
| 650 |
_aPolítica cusqueña _947381 |
||
| 650 |
_aCultura andina _947570 |
||
| 650 |
_aSociedad cusqueña _947493 |
||
| 650 |
_aSiglo XX _947561 |
||
| 700 |
_aValer Vargas, Alejandro _947563 |
||
| 700 |
_aValenzuela Lovón, Armando _91192 |
||
| 700 |
_aSolórzano Arenas, Víctor Manuel _947584 |
||
| 942 |
_2ddc _cPP |
||
| 945 | _arac | ||